|
|
|
|
| LEADER |
00000nas a2200000 a 4500 |
| 005 |
20110922133614.0 |
| 007 |
cr ||||||||||| |
| 008 |
070625c20029999xxu|||||s ||| 0 ||eng|c |
| 022 |
|
|
|a 1536-7983
|
| 035 |
|
|
|a 3166
|
| 040 |
|
|
|d vLex
|
| 090 |
|
|
|c 2534
|d 2534
|
| 245 |
0 |
0 |
|a Journal of high technology law
|h [Recurso electrn̤ico]
|
| 256 |
|
|
|a Servicio en ln̕ea.
|
| 260 |
|
|
|a Boston, Mass. :
|b Suffolk University Law School,
|c 2002-
|
| 300 |
|
|
|a 1 recurso electrn̤ico
|
| 310 |
|
|
|a Anual
|
| 500 |
|
|
|a Descripcin̤ realizada a partir de: Vol. 1, no. 1, (2002), el 25 de juny del 2007
|
| 506 |
1 |
|
|a Contenido solo disponible en los productos indicados
|d vLex Global
|d vLex Global (Academic Edition, excluding Law Schools)
|d vLex Global (Academic Edition, Law Schools)
|
| 650 |
|
|
|a Teconologa̕ y derecho
|x Revistas
|
| 650 |
|
|
|a Derecho
|z Estados Unidos de Amřica
|z Massachussets
|x Revistas
|
| 710 |
2 |
|
|a Suffolk University.
|b Law School
|
| 740 |
0 |
|
|a vLex Revistas (Servicio en ln̕ea)
|
| 856 |
4 |
0 |
|z Acceso restringido
|u http://vlex.com/source/high-technology-law-3166
|
| 942 |
|
|
|c REV
|